000 00501nam a2200169 a 4500
005 20140412111301.0
008 030414s19uu xx 00 eng d
020 _a0-86734-023-1
050 _aTR(GS 372.2
_bPr922 1983
245 _aSchool readiness activities, bk. 2 :
_bPre-school workbook.
260 _aCalifornia :
_bFrank Schaffer Publications, Inc,
_c1983.
300 _a48 p. ; ill.
440 _aBasic Learning Series
650 _aReproducibles
650 _aActivities
999 _c103391
_d103391